| 000 | 00440nam a2200121 a 4500 | ||
|---|---|---|---|
| 008 | 120416s1999 ||||||||||||||||| || u | ||
| 050 | _aSD 421.34 Ind | ||
| 245 | 1 | 0 | _aIndonesia's fires and haze |
| 246 | _athe cost of catastrophe | ||
| 260 |
_aOttawa _bIDRC _c1999 |
||
| 350 | _a0.00 | ||
| 995 |
_D0.00 _FCBU-MAIN LIBRARY (Kitwe) _H1 _I5.50 _M1 _UAVAILABLE _ZAnnex Low-Usage Collection |
||
| 999 |
_c46680 _d46680 |
||